000 00757nam a2200217Ia 4500
003 GCL
008 140319s9999 xx 000 0 ara d
040 _aGCL /
_cGCL
082 0 4 _a414.1
_bب ع
100 1 _aبسيونى عبدالفتاح فيود
245 1 0 _aعلم المعانى: دراسة بلاغية ونقدية لمسائل المعانى /
_cبسيونى عبدالفتاح فيود
260 _a[S.N] :
_bمكتبة وهبة
300 _aمتعدد
490 _a
650 0 4 _aاللغة العربية
650 0 4 _aالدلالة- علم
650 0 4 _aالمترادفات والاضداد
650 0 4 _aاللغة العربية - الالفاظ
650 0 4 _aالبلاغة العربية- المعانى
942 _2ddc
_cBK
999 _c37184
_d37184